000 00443nam a2200157Ia 4500
999 _c20180
_d20180
003 OSt
005 20200619152144.0
008 190216s9999||||xx |||||||||||||| ||und||
040 _coclc
082 _a954.005
_bPAN/S
100 _aPanikkar, K N
_92601
245 0 _aStudies In History /
_cK N Panikkar
260 _bSage Publications,
_c1988.
_aNew Delhi:
300 _a136p
942 _cBK
_2ddc
_h954.005
_iPAN/S
_k954.005